Welcome to the Holygrace Academy Library

Please use search bar below to get started

PIECE OF CAKE (Record no. 2425)

MARC details
000 -LEADER
fixed length control field 00548nam a22001457a 4500
020 ## - INTERNATIONAL STANDARD BOOK NUMBER
ISBN 0-241-11108-0
082 ## - DEWEY DECIMAL CLASSIFICATION NUMBER
Classification number 823
Item number ROB/P
100 ## - MAIN ENTRY--AUTHOR NAME
Personal name ROBINSON, DEREK
245 ## - TITLE STATEMENT
Title PIECE OF CAKE
260 ## - PUBLICATION, DISTRIBUTION, ETC. (IMPRINT)
Place of publication LONDON
Name of publisher HAMISH HAMILTON
Year of publication 1983
300 ## - PHYSICAL DESCRIPTION
Number of Pages 569
520 ## - SUMMARY, ETC.
Summary, etc iece of Cake is a 1983 novel by Derek Robinson which follows a fictional Royal Air Force fighter squadron through the first year of World War II, and the Battle of Britain. It was later made into the 1988 television serial Piece of Cake.
650 ## - SUBJECT ADDED ENTRY--TOPICAL TERM
Topical Term NOVEL
Geographic subdivision GREAT BRITAIN
942 ## - ADDED ENTRY ELEMENTS (KOHA)
Koha item type Books
Holdings
Withdrawn status Lost status Collection code Home library Current library Shelving location Date acquired Source of acquisition Full call number Accession Number Koha item type
    Fiction Main Library Main Library SHELF 1-J-ENGLISH NOVELS FOR TEACHERS 21/05/2004 purchase 823 ROB/P 01522 Books